Doña Velorio (Record no. 23527)

MARC details
000 -LEADER
campo de control de longitud fija 00526nam a2200169 i 4500
001 - NÚMERO DE CONTROL
campo de control 23527
003 - IDENTIFICADOR DE NÚMERO DE CONTROL
campo de control ES-MaACL
005 - FECHA Y HORA DE LA ÚLTIMA TRANSACCIÓN
campo de control 20230906152905.0
007 - CAMPO FIJO DE DESCRIPCIÓN FÍSICA--INFORMACIÓN GENERAL
campo de control de longitud fija t|
008 - DATOS DE LONGITUD FIJA--INFORMACIÓN GENERAL
campo de control de longitud fija 021211s1960 cu ||||1| spa d
100 1# - ENTRADA PRINCIPAL--NOMBRE DE PERSONA
Nombre de persona Amado Blanco, Luis.
9 (RLIN) 21082
245 10 - MENCIÓN DEL TÍTULO
Título Doña Velorio
Resto del título : nueve cuentos y una novela /
Mención de responsabilidad, etc. Luis Amado Blanco.
260 ## - PUBLICACIÓN, DISTRIBUCIÓN, ETC.
Lugar de publicación, distribución, etc. La Habana :
Nombre del editor, distribuidor, etc. Universidad de las Villas,
Fecha de publicación, distribución, etc. 1960 (
Fabricante Ucar)
300 ## - DESCRIPCIÓN FÍSICA
Extensión 267 p. ;
Dimensiones 21 cm.
710 2# - ENTRADA AGREGADA--NOMBRE DE ENTIDAD CORPORATIVA
Nombre de entidad corporativa o nombre de jurisdicción como elemento de entrada Universidad Central de Las Villas.
9 (RLIN) 7082
852 ## - LOCALIZACIÓN
Ubicación ES-MaACL
Número de control de estantería C-20475
Sublocalización o colección R.48601
Holdings
Estatus retirado Estado de pérdida Estado de daño No para préstamo Biblioteca de origen Biblioteca actual Ubicación en estantería Fecha de adquisición Fuente de adquisición Total de préstamos Signatura topográfica completa Código de barras Visto por última vez Precio de reemplazo Tipo de ítem Koha
        Biblioteca del Ateneo de Madrid Biblioteca del Ateneo de Madrid Galería 17/01/2008     C-20475 1024243 23/02/2023 23/02/2023 Libro impreso